Celebrity : el juego de los famosos /

Guardado en:
Formato: Objeto Físico
Publicado: Argentina, [200?]
Materias:
Etiquetas: Agregar Etiqueta
Sin Etiquetas, Sea el primero en etiquetar este registro!
LEADER 00651nrm a22001455g 4500
001 CEM.cems019396
008 130507b200?##################0###0#####d
005 20220830172513.0
245 0 0 |a Celebrity :  |b el juego de los famosos /  |c Sport Et Marketing. 
260 |a Argentina,  |c [200?] 
300 |a 1 juego (4 libros con 864 preguntas, 2592 pistas, 1 tablero, 6 fichas, 1 dado) ; en caja 24 x 44 x 6 cm. + instrucciones. 
500 |a Para 2 a 6 jugadores adultos objetivo:responder correctamente las preguntas y avanzar hasta la llegada 
082 0 4 |a J793.73 
653 |a 1. juegos de preguntas y respuestas 
859 |a CEMS  |b BIB. CEMS - Ludoteca  |h J793.73  |i Sp68  |p 322.06  |t Ej.1